Non-commutative harmonic analysis
Bewaard in:
| Hoofdauteurs: | , |
|---|---|
| Formaat: | Boek |
| Taal: | Frans Engels |
| Gepubliceerd in: |
Berlín
Springer-Verlag
1977
|
| Reeks: | Lecture Notes in Mathematics, 587
|
| Onderwerpen: | |
| Tags: |
Voeg label toe
Geen labels, Wees de eerste die dit record labelt!
|
MARC
| LEADER | 00000nam a2200000 a 4500 | ||
|---|---|---|---|
| 001 | UCP2965 | ||
| 003 | CL-VaPUC | ||
| 005 | 20230629104947.0 | ||
| 008 | 990604e19770000gw 1 fre d | ||
| 041 | 0 | 7 | |a fre |2 CL-VaPUC |
| 041 | 0 | 7 | |a eng |2 CL-VaPUC |
| 082 | 0 | 4 | |a 515.2433 |b CAR |2 21 |
| 100 | 1 | |a Carmona, J |e author |9 619503 | |
| 700 | 1 | |a Vergne, M |e author |9 619504 | |
| 245 | 1 | 0 | |a Non-commutative harmonic analysis |
| 260 | |a Berlín |b Springer-Verlag |c 1977 | ||
| 300 | |a 240 p | ||
| 490 | 0 | |a Lecture Notes in Mathematics, 587 | |
| 583 | |a last modification |c 19990604 00:00:00 |k Rodrigo Vera | ||
| 650 | 0 | 0 | |a Análisis armónico |9 269929 |
| 650 | 0 | 0 | |a Grupos de Lie |9 271231 |
| 650 | 0 | 0 | |a Álgebra de Lie |9 271226 |
| 650 | 0 | 0 | |a Congresos |9 257560 |
| 942 | |c BK | ||
| 945 | |a crobeson |d 19990604 00:00:00 | ||
| 546 | |a En Francés | ||
| 546 | |a En Inglés | ||
| 518 | |p Colloque d'Analyse Harmonique Non-Commutative, Marseille-Luminy, 5 al 9 de julio de 1976 | ||
| 999 | |c 383429 |d 383427 | ||
| 952 | |0 0 |1 0 |4 0 |6 515_243300000000000_CAR_1977 |7 0 |8 A |9 505546 |a BIBMAT |b BIBMAT |d 2020-01-23 |i 1346628 |o 515.2433 CAR 1977 |p 1346628 |r 2025-01-07 |w 2020-01-23 |y BK |k MAT | ||